000
00203nam a2200073Ia 4500
008
170617s9999 xx 000 0 und d
100
_a
Toohelys
245
0
_a
Medicine:Text book of Student in Health Care Programm
260
_b
DELHI: AITBS
999
_c
12723
_d
12723